000 01233cam a2200181 4500500
005 20260405041601.0
041 _afre
042 _adc
100 1 0 _aBerthoz, Alain
_eauthor
700 1 0 _aAndres, Christian
_eauthor
700 1 0 _aBarthélémy, Catherine
_eauthor
700 1 0 _aMassion, Jean
_eauthor
700 1 0 _aRogé, Bernadette
_eauthor
245 0 0 _aL'Autisme : De la recherche à la pratique
260 _bOdile Jacob,
_c2005.
520 _aL'autisme touche des dizaines de milliers de personnes en France. Ce livre témoigne des progrès accomplis dans la compréhension des aspects génétiques, neurologiques et cognitifs de cette maladie, et des handicaps qu'elle entraîne. La grande diversité de ses symptômes, notamment les troubles de la communication et de la socialisation, rend difficiles son diagnostic et son traitement. Se pose également le problème de la prise en charge des enfants et du soutien de leur famille dans une société mal préparée à les accueillir. Cet ouvrage de référence, à l'initiative de l'Arapi, est écrit par les meilleurs spécialistes français et internationaux.
856 4 1 _uhttps://shs.cairn.info/l-autisme--9782738116161?lang=fr&redirect-ssocas=7080
999 _c2170763
_d2170763